Missing Word: 1960s SF Novels Quiz Stats

Quiz not verified by Sporcle

Also try: Literary Foursomes
Challenge
Share
Tweet
Embed
Score 0/20 Timer 02:00
0 Plays Today
Title Word % Correct
Slaughterhouse ____Five
94.6%
Stranger __ a Strange Landin
89.2%
Do ________ Dream of Electric SheepAndroids
83.8%
Cat's ______Cradle
78.4%
A _______ in TimeWrinkle
56.8%
The Man in the ____ CastleHigh
51.4%
The ____ Hand of DarknessLeft
43.2%
The Stainless Steel ___Rat
27%
__ The LineUp
27%
Now Wait For Last ____Year
21.6%
Title Word % Correct
The _______ WorldDrowned (Burning, Crystal)
18.9%
The ___ GunZap
18.9%
Bug ____ BarronJack
16.2%
The ______ CivilizationStatus
16.2%
______ the BarrierBeyond
13.5%
Dimension of ________Miracles
13.5%
_______ With LichenTrouble
13.5%
____ Round His BonesEcho
10.8%
_____'s WorldGrimm
10.8%
______ of DeathPlanet
10.8%

You're not logged in!

Compare scores with friends on all Sporcle quizzes.
Join for Free
OR
Log In

You Might Also Like...

Show Comments

Extras

Top Quizzes Today


Score Distribution

Your Account Isn't Verified!

In order to create a playlist on Sporcle, you need to verify the email address you used during registration. Go to your Sporcle Settings to finish the process.

Report this User

Report this user for behavior that violates our Community Guidelines.

Details: